<?xml version="1.0" encoding="UTF-8"?><marc:collection xmlns:marc="http://www.loc.gov/MARC21/slim">
  <marc:record>
    <marc:leader>00000nam  2200000za 4500</marc:leader>
    <marc:controlfield tag="001">9.840731</marc:controlfield>
    <marc:controlfield tag="003">CaOODSP</marc:controlfield>
    <marc:controlfield tag="005">20221107151921</marc:controlfield>
    <marc:controlfield tag="007">cr |||||||||||</marc:controlfield>
    <marc:controlfield tag="008">170731s1970    oncad   ob   f000 0 eng d</marc:controlfield>
    <marc:datafield tag="040" ind1=" " ind2=" ">
      <marc:subfield code="a">CaOODSP</marc:subfield>
      <marc:subfield code="b">eng</marc:subfield>
    </marc:datafield>
    <marc:datafield tag="043" ind1=" " ind2=" ">
      <marc:subfield code="a">n-cn---</marc:subfield>
    </marc:datafield>
    <marc:datafield tag="086" ind1="1" ind2=" ">
      <marc:subfield code="a">M38-8/90E-PDF</marc:subfield>
      <marc:subfield code="z">M38-8/90</marc:subfield>
    </marc:datafield>
    <marc:datafield tag="100" ind1="1" ind2=" ">
      <marc:subfield code="a">Ingraham, Thomas R.</marc:subfield>
    </marc:datafield>
    <marc:datafield tag="245" ind1="1" ind2="0">
      <marc:subfield code="a">Heterogeneous chemical kinetics by gas effluent analysis - the unzipping of a paraform </marc:subfield>
      <marc:subfield code="h">[electronic resource] / </marc:subfield>
      <marc:subfield code="c">T.R. Ingraham and D. Fraser, Extraction Metallurgy Research Section, Extraction Metallurgy Division.</marc:subfield>
    </marc:datafield>
    <marc:datafield tag="260" ind1=" " ind2=" ">
      <marc:subfield code="a">Ottawa : </marc:subfield>
      <marc:subfield code="b">Queen's Printer, </marc:subfield>
      <marc:subfield code="c">1970.</marc:subfield>
    </marc:datafield>
    <marc:datafield tag="300" ind1=" " ind2=" ">
      <marc:subfield code="a">p. 110-126 : </marc:subfield>
      <marc:subfield code="b">charts, ill.</marc:subfield>
    </marc:datafield>
    <marc:datafield tag="490" ind1="1" ind2=" ">
      <marc:subfield code="a">Reprint series ; </marc:subfield>
      <marc:subfield code="v">RS 90</marc:subfield>
    </marc:datafield>
    <marc:datafield tag="500" ind1=" " ind2=" ">
      <marc:subfield code="a">Cover title.</marc:subfield>
    </marc:datafield>
    <marc:datafield tag="500" ind1=" " ind2=" ">
      <marc:subfield code="a">"Reprinted from the Chemical Institute of Canada, Toronto Section, February 25-26, 1969, Proceedings of the Third Toronto Symposium on Thermal Analysis."</marc:subfield>
    </marc:datafield>
    <marc:datafield tag="500" ind1=" " ind2=" ">
      <marc:subfield code="a">Historical publication digitized from print 2017 [by Natural Resources Canada].</marc:subfield>
    </marc:datafield>
    <marc:datafield tag="504" ind1=" " ind2=" ">
      <marc:subfield code="a">Includes bibliographical references (p. 115).</marc:subfield>
    </marc:datafield>
    <marc:datafield tag="520" ind1="3" ind2=" ">
      <marc:subfield code="a">"Heterogeneous chemical reactions […] are involved in many of the major chemical and metallurgical processes which support the economy of Canada. It is well established that this type of reaction occurs at a sharply defined interface between the solid reactant and the product. The observed rate of reaction varies with the area of the interface. Usual methods of relating the observed rate of reaction to the area of the interface, or to the weight of sample, are based on the unreacted-core shrinking model. The rate of reaction may be controlled by processes occurring in the interface, or by heat or mass transfer through a product layer. It has been suggested that a model combining both heat and mass transfer is often required. Many of the arguments for and against certain models are predicated on the assumption that the shrinking core model is valid and predictable from relationships such as: f = 1 – (1 – α)1/3 where f is the fractional movement of an interface or the equivalent, (weight)2/3 in a spherical particle that has decomposed to a fraction α. The experimental evidence is heavily weighted to acceptance of relationships such as that shown in [the] Equation, because they seem to be reasonably effective in resolving many of the observed experimental results. To test the validity of the shrinking core model, a series of experiments were initiated in which there was no residue that might interfere with the transfer either of heat or mass to or from the interface. It was hoped that the exact change in the geometry of the interface might be observed and related precisely to the measured reaction rate"--Introd., p. 101-102.</marc:subfield>
    </marc:datafield>
    <marc:datafield tag="692" ind1="0" ind2="7">
      <marc:subfield code="2">gccst</marc:subfield>
      <marc:subfield code="a">Chemistry</marc:subfield>
    </marc:datafield>
    <marc:datafield tag="700" ind1="1" ind2=" ">
      <marc:subfield code="a">Fraser, D. B.</marc:subfield>
    </marc:datafield>
    <marc:datafield tag="710" ind1="1" ind2=" ">
      <marc:subfield code="a">Canada. </marc:subfield>
      <marc:subfield code="b">Natural Resources Canada.</marc:subfield>
    </marc:datafield>
    <marc:datafield tag="710" ind1="1" ind2=" ">
      <marc:subfield code="a">Canada. </marc:subfield>
      <marc:subfield code="b">Department of Energy, Mines and Resources.</marc:subfield>
    </marc:datafield>
    <marc:datafield tag="710" ind1="1" ind2=" ">
      <marc:subfield code="a">Canada. </marc:subfield>
      <marc:subfield code="b">Mines Branch.</marc:subfield>
    </marc:datafield>
    <marc:datafield tag="830" ind1="#" ind2="0">
      <marc:subfield code="a">Reprint series - Dept. of Energy, Mines and Resources, Mines Branch ;</marc:subfield>
      <marc:subfield code="v">RS 90</marc:subfield>
      <marc:subfield code="w">(CaOODSP)9.834843</marc:subfield>
    </marc:datafield>
    <marc:datafield tag="856" ind1="4" ind2="0">
      <marc:subfield code="q">PDF</marc:subfield>
      <marc:subfield code="s">4.41 MB</marc:subfield>
      <marc:subfield code="u">https://publications.gc.ca/collections/collection_2017/rncan-nrcan/M38-8/M38-8-90-eng.pdf</marc:subfield>
    </marc:datafield>
    <marc:datafield tag="986" ind1=" " ind2=" ">
      <marc:subfield code="a">300169</marc:subfield>
    </marc:datafield>
  </marc:record>
</marc:collection>
